00776nam a2200241 a 4500001001300000003000900013005001700022008004100039020001000080082001700090100002200107245007800129260005500207300000900262500003500271505003400306650002200340700002200362902000800384942000700392952011800399999001700517nice12345678IN_TiNIC20260116013703.0050524s1984 newa grp 000 0 eng  ac20000a954.025bBIL aBilgrami, Rafat M aReligious and Quasi-Religious Departments of the Mughal Period, 1556-1707 aNew Delhi bMunshiram Manoharlal Publishers c1984 a250p aincludes index and biblioraphy2 aAppendix, Bibliography, Index aWaqf-Mughal India1 aBilgrami, Rafat M bSRS cBK 001040708StackRoom-aHMIbHMId2007-04-04g200.00l0o954.025 BILp017250r2007-04-04v200.00w2005-05-24yBK c11965d11965